Top 8 piłkarzy Serie A w FC 2025 - Statystyki

Ogólne statystyki
  • Ten quiz został rozwiązany 117 razy
  • Średni wynik to 7 z 8
Statystyki odpowiedzi
Piłkarz Narodowość Klub Pozycja Ocena ogólna % Poprawnych
Lautaro Martínez Argentyna Lombardia FC Napastnik 89
100%
Paulo Dybala Argentyna AS Roma Pomocnik 87
89%
Yann Sommer Szwajcaria Lombardia FC Bramkarz 87
85%
Mike Maignan Francja Milano FC Bramkarz 87
83%
Theo Hernández Francja Milano FC Obrońca 87
81%
Victor Osimhen Nigeria SSC Napoli Napastnik 87
80%
Nicolò Barella Włochy Lombardia FC Pomocnik 87
77%
Alessandro Bastoni Włochy Lombardia FC Obrońca 87
75%
Nie znaleziono quizów pasujących do podanych kryteriów
Rozkład punktacji
Procent ludzi z każdym wynikiem
Percentyl według liczby udzielonych odpowiedzi
Twoja historia wyników
Nie rozwiązałeś tego quizu